ბათუმის შოთა რუსთაველის სახელმწიფო უნივერსიტეტის ბიბლიოთეკა

Исторический комментарии к современному русскому литературному языку.Ч.1Фонетика (ბიბ.ჩანაწერი № 35103)

000 -LEADER
fixed length control field 00791nam a2200229Ia 4500
001 - CONTROL NUMBER
control field 944
003 - CONTROL NUMBER IDENTIFIER
control field GE_BSU
008 - FIXED-LENGTH DATA ELEMENTS--GENERAL INFORMATION
fixed length control field 181216s||||||||xx |||||||||||||| ||und||
040 ## - CATALOGING SOURCE
Transcribing agency GE_BSU
080 ## - UNIVERSAL DECIMAL CLASSIFICATION NUMBER
Universal Decimal Classification number 811.161.1
100 ## - MAIN ENTRY--PERSONAL NAME
Personal name Кремер,Э.Л.
245 ## - TITLE STATEMENT
Title Исторический комментарии к современному русскому литературному языку.Ч.1Фонетика
245 ## - TITLE STATEMENT
Remainder of title Для студ.Спецгрупп
260 ## - PUBLICATION, DISTRIBUTION, ETC.
Place of publication, distribution, etc. Тбилиси
260 ## - PUBLICATION, DISTRIBUTION, ETC.
Name of publisher, distributor, etc. Тбилисский ун-т
260 ## - PUBLICATION, DISTRIBUTION, ETC.
Date of publication, distribution, etc. 1989
300 ## - PHYSICAL DESCRIPTION
Extent 125стр.
653 ## - INDEX TERM--UNCONTROLLED
Uncontrolled term Исторический комментарии к современному русскому литературному языку
653 ## - INDEX TERM--UNCONTROLLED
Uncontrolled term Фонетика
942 ## - ADDED ENTRY ELEMENTS (KOHA)
Koha item type წიგნი
ეგზემპლარები
Withdrawn status Lost status Damaged status Not for loan Date acquired Barcode Date last seen Price effective from Koha item type
        2018-12-17 1661 2018-12-17 2018-12-17 წიგნი